000 00749nam a2200205Ia 4500
003 GCL
005 20240530110516.0
008 140319s9999 xx 000 0 ara d
040 _aGCL /
_cGCL
082 0 4 _a956.04\
_bهـ ح
100 0 _aهرزوج ، حاييم
245 1 0 _aالحروب العربية الاسرائيلية (1948 - 1982) /
_cحاييم هرزوج ؛ ترجمة بدر الرفاعى .
260 _aالقاهرة :
_bسينا للنشر ،
_c1993
300 _a432 ص ؛
_c24سم
650 0 4 _aالنزاع العربى الاسرائيلى
650 0 4 _aالحروب العربية الاسرائيلية
650 0 4 _aحرب الاستنزاف
700 1 _aبدر الرفاعى
_eمترجم .
942 _2ddc
_cBK
999 _c61784
_d61784